| 000 | 00555nam a2200193Ia 4500 | ||
|---|---|---|---|
| 008 | 151119s9999||||xx |||||||||||||| ||und|| | ||
| 082 | _a181.4 | ||
| 082 | _bGKKV27592 | ||
| 100 | _aकुंटे जग्गनाथ | ||
| 245 | _aनित्य निरंजन | ||
| 260 | _a-- | ||
| 260 | _b-- | ||
| 260 | _c2007 | ||
| 600 | _aकुंटे जग्गनाथ | ||
| 630 | _aनित्य निरंजन | ||
| 700 | _aकुंटे जग्गनाथ | ||
| 730 | _aनित्य निरंजन | ||
| 942 | _cBOOK | ||
| 999 |
_c1080024 _d1080021 |
||